000 00421pab a2200157 454500
008 180718b2008 xxu||||| |||| 00| 0 eng d
100 _aChandra, Nirmal Kumar
245 _aTata motors in Singur: a step towards industrialisation or pauperisation?
260 _c2008
300 _ap.36-51.
362 _a13 Dec
650 _aMotor vehicles
773 _aEconomic and Political Weekly
908 _aN
909 _a80823
999 _c80823
_d80823